| 000 -CABECERA |
| Longitud fija campo de control |
00682nam a22002177a 4500 |
| 003 - IDENTIFICADOR DEL NÚMERO DE CONTROL |
| Identificador del número de control |
OSt |
| 005 - FECHA Y HORA DE LA ÚLTIMA TRANSACCIÓN |
| Fecha y hora de la última transacción |
20130502165025.0 |
| 008 - CÓDIGOS DE INFORMACIÓN DE LONGITUD FIJA |
| Códigos de información de longitud fija |
130502s2011 sp ||||| |||| 00| 0 cat d |
| 020 ## - NÚMERO INTERNACIONAL NORMALIZADO PARA LIBROS |
| Número Internacional Normalizado para Libros (ISBN) |
9788493503567 |
| 040 ## - FUENTE DE LA CATALOGACIÓN |
| Centro transcriptor |
CDMR |
| 100 1# - PUNTO DE ACCESO PRINCIPAL-NOMBRE DE PERSONA |
| 9 (RLIN) |
3304 |
| Nombre de persona |
Teixidor i Colomer, Anna |
| 245 10 - MENCIÓN DE TÍTULO |
| Título |
Amb la República al cap i Catalunya al cor |
| Resto del título |
: Empordà federal 1911-1938 |
| Mención de responsabilidad, etc. |
Anna Teixidor i Colomer |
| 260 ## - PUBLICACIÓN, DISTRIBUCIÓN, ETC. (PIE DE IMPRENTA) |
| Lugar de publicación, distribución, etc. |
[Figueres] |
| Nombre del editor, distribuidor, etc. |
Ajuntament de Figueres |
| 260 ## - PUBLICACIÓN, DISTRIBUCIÓN, ETC. (PIE DE IMPRENTA) |
| Nombre del editor, distribuidor, etc. |
Diputació de Girona |
| Fecha de publicación, distribución, etc. |
2011 |
| 300 ## - DESCRIPCIÓN FÍSICA |
| Extensión |
302 p. |
| 490 ## - MENCIÓN DE SERIE |
| Mención de serie |
Juncària |
| Designación de volumen o secuencia |
7 |
| 650 04 - PUNTO DE ACCESO ADICIONAL DE MATERIA - TÉRMINO DE MATERIA |
| 9 (RLIN) |
3194 |
| Término de materia o nombre geográfico como elemento inicial |
Nacionalisme |
| Subdivisión geográfica |
Catalunya |
| Subdivisión de materia general |
Història |
| 650 04 - PUNTO DE ACCESO ADICIONAL DE MATERIA - TÉRMINO DE MATERIA |
| 9 (RLIN) |
2769 |
| Término de materia o nombre geográfico como elemento inicial |
Revistes |
| Subdivisión geográfica |
Catalunya |
| Subdivisión cronológica |
1911-1939 |
| 650 04 - PUNTO DE ACCESO ADICIONAL DE MATERIA - TÉRMINO DE MATERIA |
| 9 (RLIN) |
3305 |
| Término de materia o nombre geográfico como elemento inicial |
Republicanisme |
| 942 ## - ENTRADA DE ELEMENTOS AGREGADOS (KOHA) |
| Fuente de clasificaión o esquema |
|
| Koha [por defecto] tipo de item |
Monografies |